| 000 | 00403nam a2200169Ia 4500 | ||
|---|---|---|---|
| 008 | 230524s9999 xx 000 0 und d | ||
| 020 | _a9789390097329 | ||
| 082 |
_a530 _bSIN |
||
| 100 | _aS.K.Singh | ||
| 245 | 0 | _aEngineering Mechanics | |
| 250 | _a1 | ||
| 260 |
_aNew Delhi _bVayu Education _c2009 |
||
| 300 | _a"XVII,522p;" | ||
| 500 | _aQuantity Number: 2 | ||
| 650 | _aMechanics | ||
| 942 | _cBK | ||
| 999 |
_c56490 _d56490 |
||